Groucho marx, private eye (Record no. 30616)

MARC details
000 -LEADER
fixed length control field 00417nam a2200169Ia 4500
020 ## - INTERNATIONAL STANDARD BOOK NUMBER
ISBN 0- 312- 19895- 7
050 ## - CALL MARK
Classification number PS3557.085G77
100 ## - STATEMENT OF RESPONSIBILITY--MAIN AUTHOR NAME
Personal name Ron Goulart
245 #0 - TITLE STATEMENT
Title Groucho marx, private eye
260 ## - PUBLICATION, DISTRIBUTION, ETC. (IMPRINT)
Name of publisher ST. Martins press
260 ## - PUBLICATION, DISTRIBUTION, ETC. (IMPRINT)
Year of publication 1999
300 ## - PHYSICAL DESCRIPTION
Number of Pages 263 p
650 ## - SUBJECT ADDED ENTRY--TOPICAL TERM
Topical Term Mars, Groucho, 1891- 1977- fiction
942 ## - ADDED ENTRY ELEMENTS (KOHA)
Koha item type Books
Holdings
Withdrawn status Lost status Source of classification or shelving scheme Damaged status Not for loan Permanent Location Current Location Date acquired Accession Number Price effective from Koha item type
    Library of Congress Classification     NILE UNIVERSITY OF NIGERIA - MAIN LIBRARY NILE UNIVERSITY OF NIGERIA - MAIN LIBRARY 04/23/2025 0006091 04/23/2025 Books